Normal view
MARC view
Entry Personal Name
001 - CONTROL NUMBER
- control field: 9029
003 - CONTROL NUMBER IDENTIFIER
- control field: OSt
005 - DATE AND TIME OF LATEST TRANSACTION
- control field: 20240305130247.0
008 - FIXED-LENGTH DATA ELEMENTS
- fixed length control field: 240305|| aca||aabn | a|a d
040 ## - CATALOGING SOURCE
- Original cataloging agency: OSt
- Transcribing agency: OSt
100 ## - HEADING--PERSONAL NAME
- Personal name: Jagarnath, Bagli
670 ## - SOURCE DATA FOUND
- Source citation: Work cat.: (OSt)38948: Jagarnath, Bagli, Advitabha Anidya, 1962.


